000
00284nam a2200133Ia 4500
100
_a
Jackson/David
942
_c
BK
654
_a
cell
245
_a
Cell system of production
260
_b
Business Books
_a
London
_c
1978
082
_a
658.5
_b
JAC
300
_a
169
546
_a
ENGLISH
999
_c
25997
_d
25997